Optimization and industrial experimentation /

Guardado en:
Autor Principal: Biles, William E.
Otros Autores: Swain, James J.
Formato: Libro
Idioma:English
Publicado: New York : Wiley, c1980.
Materias:
Etiquetas: Agregar Etiqueta
Sin Etiquetas, Sea el primero en etiquetar este registro!
LEADER 00836pam a22002535a 4500
001 EIQ.libpla000068
008 790629s1980####nyua#####b####001#0#eng#d
005 20060505200026.0
245 1 0 |a Optimization and industrial experimentation /  |c William E. Biles, James J. Swain. 
260 |a New York :  |b Wiley,  |c c1980. 
300 |a xii, 368 p. :  |b il. ;  |c 24 cm. 
500 |a "A Wiley-Interscience publication". 
504 |a Incluye bibliografía e índice. 
020 |a 0471042447 
100 1 |a Biles, William E. 
700 1 |a Swain, James J. 
082 0 0 |a 003 
650 4 |a Diseño experimental  |x Teoría. 
650 4 |a Matemática  |x Optimización. 
650 4 |a Experimental design  |x Theory. 
650 4 |a Mathematical  |x Optimization. 
010 |a  79009516  
040 |a DLC  |c DLC  |d AR-BbSID 
859 |a AR-BbSID  |b BIB. PLAPIQUI  |h 003  |i B 492  |p 93